Ṭalāʼiʻ al-masraḥ al-ʻArabī /

محفوظ في:

المؤلف الرئيسي: Taymūr, Maḥmūd, 1894-1973 (مؤلف)

التنسيق: كتاب

اللغة: Arabic

منشور في: [Cairo] : Maktabat al-Ādāb, [196-?]

الموضوعات:

الوسوم: إضافة وسم

لا توجد وسوم, كن أول من يضع وسما على هذه التسجيلة!

رقم الطلب: PN2971 .T39 196-

LEADER 01091nam a2200265Ia 4500
003 OSt
005 20240121092130.0
008 130303q19601969ua 000 d ara d
952 |0 0  |1 0  |2 lcc  |4 0  |6 PN2971 T39 00196-  |7 1  |9 59683  |a ARCE  |b ARCE  |d 2024-01-21  |l 0  |o PN2971 .T39 196-  |p 1032165  |r 2024-01-21 00:00:00  |w 2024-01-21  |y BK 
999 |c 29597  |d 29597 
040 |c ARCE Library 
050 4 |a PN2971 .T39 196- 
100 1 |6 880-01  |a Taymūr, Maḥmūd,  |d 1894-1973,  |e author 
245 1 0 |6 880-02  |a Ṭalāʼiʻ al-masraḥ al-ʻArabī /   |c Maḥmūd Taymūr.  
264 1 |a [Cairo] :   |b Maktabat al-Ādāb,   |c [196-?] 
300 |a 275 pages ;   |c 21 cm. 
555 |a  https://catalog.lib.uchicago.edu/vufind/Record/10395143/Details#tabnav 
555 |a shimaa 
555 |a wafaa.lib 
650 0 |a Arabic drama  |z Egypt  |y 20th century. 
650 0 |a Theater   |z Egypt. 
880 1 |6 100-01/(3/r  |a تيمور، محمود،‪‪‪‪‪‪‪‪‪‪‪‪‪‪‪‪‪‪  |d 1894-1973. 
880 1 0 |6 245-02/(3/r  |a طلائع المسرح العربي   |c محمود تيمور 
901 |a reviewed 
942 |c BK  |2 lcc